[Event "RUS-chT Premier 2019"]
[Site "Sochi"]
[Date "2019.05.07"]
[Round "6.6"]
[White "Khismatullin, Denis"]
[Black "Askerov, Marat"]
[Result "1-0"]
[WhiteElo "2619"]
[BlackElo "2315"]
[Annotator "ChessBase"]
[PlyCount "77"]
[EventDate "2019.05.01"]
[EventType "team-tourn"]
[EventCountry "RUS"]
[SourceTitle "playchess.com"]
[Source "ChessBase"]
[SourceQuality "1"]
[TimeControl "40/5400+30:1800+30"]

1. d4 {[%emt 0:00:00]} Nf6 {[%emt 0:00:00]} 2. c4 {[%emt 0:00:00]} e6 {[%emt 0:00:00]} 3. Nc3 {[%emt 0:00:00]} Bb4 {[%emt 0:00:00]} 4. Qc2 {[%emt 0:00:00]} O-O {[%emt 0:00:03]} 5. a3 {[%emt 0:00:13]} Bxc3+ {[%emt 0:00:08]} 6. Qxc3 {[%emt 0:00:04]} d5 {[%emt 0:00:21]} 7. Nf3 {[%emt 0:10:09]} dxc4 {[%emt 0:01:20]} 8. Qxc4 {[%emt 0:02:06]} b6 {[%emt 0:00:16]} 9. h4 {[%emt 0:02:31]} Ba6 {[%emt 0:16:53]} 10. Qa4 {[%emt 0:10:16]} Qd7 {[%emt 0:08:48]} 11. Qc2 {[%emt 0:02:56]} c5 {[%emt 0:03:54]} 12. dxc5 {[%emt 0:10:03]} Rc8 {[%emt 0:01:21]} 13. Be3 {[%emt 0:00:50]} bxc5 {[%emt 0:16:24]} 14. Bg5 {[%emt 0:08:16]} Nd5 {[%emt 0:18:43]} 15. Rd1 {[%emt 0:06:43]} Qe8 {[%emt 0:03:41]} 16. e4 {[%emt 0:03:38]} Nb6 {[%emt 0:04:52]} 17. Rh3 {[%emt 0:02:50]} c4 {[%emt 0:12:26]} 18. Rg3 {[%emt 0:02:24]} N8d7 {[%emt 0:02:44]} 19. h5 {[%emt 0:16:31]} e5 {[%emt 0:02:54]} 20. Nh4 {[%emt 0:04:27]} Kh8 {[%emt 0:04:07]} 21. Nf5 {[%emt 0:02:19]} f6 {[%emt 0:00:24]} 22. Be3 {[%emt 0:00:57]} Qxh5 {[%emt 0:00:59]} 23. Nxg7 {[%emt 0:03:41]} Qf7 {[%emt 0:00:04]} 24. Nf5 {[%emt 0:00:05]} Rc6 {[%emt 0:00:59]} 25. Be2 {[%emt 0:01:44]} Bb5 {[%emt 0:00:09]} 26. Rd6 {[%emt 0:01:50]} Ba4 {[%emt 0:00:47]} 27. Qd2 {[%emt 0:00:15]} Rxd6 {[%emt 0:00:27]} 28. Nxd6 {[%emt 0:00:27]} Qe6 {[%emt 0:00:34]} 29. Bg4 {[%emt 0:00:24]} Qe7 {[%emt 0:00:10]} 30. Bh5 {[%emt 0:00:07]} c3 {[%emt 0:00:17]} 31. bxc3 {[%emt 0:00:10]} Bb3 {[%emt 0:00:24]} 32. Bh6 {[%emt 0:04:41]} Rg8 {[%emt 0:00:39]} 33. Nf5 {[%emt 0:00:13]} Qxa3 {[%emt 0:00:28]} 34. Bg7+ {[%emt 0:00:25]} Rxg7 {[%emt 0:00:04]} 35. Rxg7 {[%emt 0:00:07]} Qa1+ {[%emt 0:00:43]} 36. Ke2 {[%emt 0:01:10]} Bc4+ {[%emt 0:01:22]} 37. Kf3 {[%emt 0:00:21]} Be6 {[%emt 0:00:16]} 38. Rxh7+ {[%emt 0:00:10]} Kg8 {[%emt 0:00:14]} 39. Rh8+ {[%emt 0:00:08]} 1-0

[Event "RUS-chT Premier 2019"]
[Site "Sochi"]
[Date "2019.05.07"]
[Round "6.7"]
[White "Vitiugov, Nikita"]
[Black "Sjugirov, Sanan"]
[Result "1/2-1/2"]
[WhiteElo "2734"]
[BlackElo "2661"]
[Annotator "RC"]
[PlyCount "87"]
[EventDate "2019.05.01"]
[EventType "team-tourn"]
[EventCountry "RUS"]
[SourceTitle "playchess.com"]
[Source "ChessBase"]
[SourceQuality "1"]
[TimeControl "40/5400+30:1800+30"]

1. c4 {[%emt 0:00:00]} Nf6 {[%emt 0:00:17]} 2. Nc3 {[%emt 0:00:17]} e5 {[%emt 0:05:59]} 3. Nf3 {[%emt 0:00:31]} Nc6 {[%emt 0:00:11]} 4. g3 {[%emt 0:00:27]} Nd4 {[%emt 0:01:19]} 5. Bg2 {[%emt 0:00:34]} Nxf3+ {[%emt 0:00:30]} 6. Bxf3 {[%emt 0:00:08]} Bb4 {[%emt 0:00:34]} 7. Qb3 {[%emt 0:02:15]} a5 {[%emt 0:05:23]} 8. O-O {[%emt 0:01:53]} O-O {[%emt 0:00:34]} 9. d3 {[%emt 0:03:38]} Re8 {[%emt 0:20:52]} 10. Bg5 {[%emt 0:12:19]} h6 {[%emt 0:03:49]} 11. Bxf6 {[%emt 0:01:56]} Qxf6 {[%emt 0:00:19]} 12. Nd5 {[%emt 0:02:05]} Qd6 {[%emt 0:00:38]} 13. e3 {[%emt 0:04:35]} c6 {[%emt 0:07:05]} 14. Nb6 {[%emt 0:07:10]} Rb8 {[%emt 0:00:24]} 15. Rad1 {[%emt 0:01:27]} Qc7 {[%emt 0:15:37]} 16. Nxc8 {[%emt 0:00:51]} Rbxc8 {[%emt 0:03:09]} 17. d4 {[%emt 0:00:21]} Bf8 {[%emt 0:06:42]} 18. dxe5 {[%emt 0:01:35]} Rxe5 {[%emt 0:00:22]} 19. Rd3 {[%emt 0:01:38]} Re6 {[%emt 0:05:24]} 20. Rfd1 {[%emt 0:10:11]} Rd6 {[%emt 0:03:01]} 21. Rxd6 {[%emt 0:03:09]} Bxd6 {[%emt 0:00:11]} 22. Qd3 {[%emt 0:03:59]} Be5 {[%emt 0:00:20]} 23. Qxd7 {[%emt 0:00:37]} Bxb2 {[%emt 0:01:18]} 24. c5 {[%emt 0:01:43]} Be5 {[%emt 0:12:14]} 25. Qf5 {[%emt 0:03:44]} g6 {[%emt 0:00:41]} 26. Qh3 {[%emt 0:00:24]} Rd8 {[%emt 0:00:46]} 27. Qxh6 {[%emt 0:00:47]} Bf6 {[%emt 0:03:18]} 28. Be2 {[%emt 0:22:27]} Rxd1+ {[%emt 0:00:59]} 29. Bxd1 {[%emt 0:00:02]} Qd7 {[%emt 0:00:12]} 30. Bc2 {[%emt 0:03:49]} Qg4 {[%emt 0:00:23]} 31. h3 Qc4 {[%emt 0:02:04]} 32. Bb3 {[%emt 0:06:17]} Qe4 {[%emt 0:00:00]} 33. Qf4 {[%emt 0:01:05]} Qxf4 {[%emt 0:00:00]} 34. gxf4 {[%emt 0:00:25]} Be7 {[%emt 0:00:00]} 35. a4 {[%emt 0:01:55]} Bxc5 {[%emt 0:00:00]} 36. Bc4 {[%emt 0:00:19]} Be7 {[%emt 0:00:23]} 37. Kg2 {[%emt 0:00:12]} Bh4 {[%emt 0:00:12]} 38. Kf3 {[%emt 0:00:21]} Kf8 {[%emt 0:00:11]} 39. e4 {[%emt 0:01:05]} Be7 {[%emt 0:00:47]} 40. Kg4 {[%emt 0:00:00]} Bc5 {[%emt 0:00:00]} 41. f3 {[%emt 0:03:01]} f6 {[%emt 0:13:47]} 42. f5 {[%emt 0:04:40]} g5 {[%emt 0:01:08]} 43. e5 {[%emt 0:02:46]} Be7 {[%emt 0:00:45]} 44. f4 {[%emt 0:02:38]} 1/2-1/2

[Event "RUS-chT Premier 2019"]
[Site "Sochi"]
[Date "2019.05.07"]
[Round "6.9"]
[White "Matlakov, Maxim"]
[Black "Kokarev, Dmitry"]
[Result "1-0"]
[WhiteElo "2697"]
[BlackElo "2605"]
[Annotator "TA"]
[PlyCount "71"]
[EventDate "2019.05.01"]
[EventType "team-tourn"]
[EventCountry "RUS"]
[SourceTitle "playchess.com"]
[Source "ChessBase"]
[SourceQuality "1"]

{[%evp 9,81,0,6,0,8,0,0,0,4,0,7,0,0,0,0,2,3,0,0,1,13,0,0,0,14,15,17,0,23,0,0,-10,0,0,-12,-35,18,25,8,12,3,0,0,0,121,97,106,106,117,95,352,351,441,452,441,441,637,404,1025,1018,1074,1048,893,831,797,675,668,668,715,600,585,585,500,415]} 1. c4 g6 2. Nc3 c5 3. g3 Bg7 4. Bg2 Nc6 5. b3 d6 (5... e6 6. Ba3 d6 7. e3 Nge7 8. Nge2 O-O 9. O-O Qa5 10. Bb2 d5 11. cxd5 exd5 12. Nf4 Rd8 13. Qc1 d4 {½-½ (33) Ding,L (2813)-Vidit,S (2695) Wijk aan Zee 2019}) 6. Bb2 {A36: Symmetrical English vs ...g6: 4 Bg2 Bg7} e5 7. e3 Nge7 8. Nge2 {The position is equal.} Be6 9. Nd5 O-O 10. d3 Qd7 $146 ({Predecessor:} 10... Rb8 11. Qd2 {½-½ (32) Larsen,B-Hecht,H Buesum 1969}) 11. h4 h5 12. Qd2 Rab8 13. Nec3 a6 14. O-O b5 15. Nxe7+ Nxe7 16. Ne4 Bf5 17. Ng5 f6 18. Ne4 Kh7 19. f4 bxc4 20. bxc4 Bxe4 21. dxe4 Qe6 22. f5 Qxc4 (22... gxf5 $15 23. exf5 Qxc4) 23. fxg6+ $11 Kxg6 24. Rf2 Rb6 25. Bc3 Ng8 $1 26. Ba5 Rc6 (26... Rb5 $11 {keeps the balance.}) 27. Rf5 $36 {[%mdl 2048] Black is under strong pressure.} Nh6 28. Bf3 Ng4 29. Rc1 Qa4 $2 {[%mdl 8192] [#]} (29... Qf7 $16) 30. Rxh5 $3 $18 {[%mdl 512]} Kxh5 31. Bxg4+ $1 Kh6 ({Inferior is} 31... Kxg4 32. Qe2+ Kh3 33. Qf1+ Kxg3 34. Be1+ Kg4 35. Qf5#) 32. Bf5 Rcc8 (32... Rf7 $142 33. g4 Bh8) 33. Rf1 Rb8 (33... Bh8 $142 34. Qxd6 Qxa5) 34. g4 {Qg2 would kill now.White is clearly winning.} Bh8 {[#]} 35. g5+ $1 {[%mdl 512]} Kg7 (35... fxg5 36. hxg5+) 36. Qxd6 {Played: Ba5-c7} 1-0

[Event "RUS-chT Premier 2019"]
[Site "Sochi"]
[Date "2019.05.07"]
[Round "6.10"]
[White "Romanov, Evgeny"]
[Black "Najer, Evgeniy"]
[Result "1/2-1/2"]
[WhiteElo "2573"]
[BlackElo "2674"]
[Annotator "ChessBase"]
[PlyCount "75"]
[EventDate "2019.05.01"]
[EventType "team-tourn"]
[EventCountry "RUS"]
[SourceTitle "playchess.com"]
[Source "ChessBase"]
[SourceQuality "1"]
[TimeControl "40/5400+30:1800+30"]

1. c4 {[%emt 0:00:00]} e5 {[%emt 0:00:00]} 2. d3 {[%emt 0:00:00]} Nf6 {[%emt 0:00:24]} 3. a3 {[%emt 0:00:21]} d5 {[%emt 0:06:00]} 4. cxd5 {[%emt 0:00:16]} Nxd5 {[%emt 0:00:04]} 5. Nf3 {[%emt 0:00:05]} Bd6 {[%emt 0:02:33]} 6. g3 {[%emt 0:02:36]} O-O {[%emt 0:04:02]} 7. Bg2 {[%emt 0:00:14]} c5 {[%emt 0:00:22]} 8. O-O {[%emt 0:04:25]} Nc6 {[%emt 0:01:49]} 9. Nbd2 {[%emt 0:00:45]} Kh8 {[%emt 0:05:02]} 10. Nc4 {[%emt 0:07:49]} Rb8 {[%emt 0:06:15]} 11. b4 {[%emt 0:16:43]} cxb4 {[%emt 0:01:56]} 12. Nxd6 {[%emt 0:00:23]} Qxd6 {[%emt 0:00:30]} 13. axb4 {[%emt 0:00:07]} a6 {[%emt 0:17:19]} 14. Ng5 {[%emt 0:13:08]} Ndxb4 {[%emt 0:04:42]} 15. Qb3 {[%emt 0:07:46]} Qe7 {[%emt 0:03:01]} 16. Bd2 {[%emt 0:01:54]} f6 {[%emt 0:05:10]} 17. Bxb4 {[%emt 0:08:42]} Nxb4 {[%emt 0:01:24]} 18. Nxh7 {[%emt 0:01:29]} Rd8 {[%emt 0:08:40]} 19. Rfb1 {[%emt 0:03:10]} Nc6 {[%emt 0:02:56]} 20. Bxc6 {[%emt 0:00:51]} Be6 {[%emt 0:00:27]} 21. Nf8 {[%emt 0:01:55]} Rxf8 {[%emt 0:04:18]} 22. Bd5 {[%emt 0:00:09]} Bxd5 {[%emt 0:00:25]} 23. Qxd5 {[%emt 0:00:02]} Rfd8 {[%emt 0:00:09]} 24. Qf3 {[%emt 0:01:20]} Rd6 {[%emt 0:01:50]} 25. Rb4 {[%emt 0:01:39]} Kg8 {[%emt 0:01:55]} 26. Rh4 {[%emt 0:02:03]} Rbd8 {[%emt 0:04:55]} 27. Qf5 {[%emt 0:11:16]} Rd4 {[%emt 0:06:51]} 28. Rh7 {[%emt 0:00:14]} Qd7 {[%emt 0:00:15]} 29. Qh5 {[%emt 0:00:48]} Kf8 {[%emt 0:00:02]} 30. Rc1 {[%emt 0:05:25]} a5 {[%emt 0:00:47]} 31. Rc5 {[%emt 0:04:43]} b6 {[%emt 0:03:29]} 32. Rc1 {[%emt 0:03:25]} a4 {[%emt 0:01:32]} 33. Rh8+ {[%emt 0:00:53]} Ke7 {[%emt 0:00:04]} 34. Qh7 {[%emt 0:00:15]} Kf7 {[%emt 0:01:11]} 35. Qh5+ {[%emt 0:00:32]} Ke7 {[%emt 0:01:07]} 36. Qh7 {[%emt 0:01:25]} Kf7 {[%emt 0:00:07]} 37. Qh5+ {[%emt 0:00:27]} Ke7 {[%emt 0:00:08]} 38. Qh7 {[%emt 0:00:59]} 1/2-1/2

[Event "RUS-chT Premier 2019"]
[Site "Sochi"]
[Date "2019.05.07"]
[Round "6.11"]
[White "Ponkratov, Pavel"]
[Black "Rozum, Ivan"]
[Result "1/2-1/2"]
[WhiteElo "2640"]
[BlackElo "2568"]
[Annotator "ChessBase"]
[PlyCount "101"]
[EventDate "2019.05.01"]
[EventType "team-tourn"]
[EventCountry "RUS"]
[SourceTitle "playchess.com"]
[Source "ChessBase"]
[SourceQuality "1"]
[TimeControl "40/5400+30:1800+30"]

1. e4 {[%emt 0:00:00]} c6 {[%emt 0:00:00]} 2. d4 {[%emt 0:00:13]} d5 {[%emt 0:00:00]} 3. e5 {[%emt 0:00:04]} Bf5 {[%emt 0:00:00]} 4. Nf3 {[%emt 0:00:04]} e6 {[%emt 0:00:00]} 5. Be2 {[%emt 0:00:04]} Ne7 {[%emt 0:00:11]} 6. O-O {[%emt 0:00:41]} c5 {[%emt 0:00:10]} 7. c3 {[%emt 0:05:00]} Nec6 {[%emt 0:00:28]} 8. Be3 {[%emt 0:00:55]} Nd7 {[%emt 0:01:04]} 9. Nbd2 {[%emt 0:03:46]} Be7 {[%emt 0:02:42]} 10. dxc5 {[%emt 0:02:26]} Bxc5 {[%emt 0:06:22]} 11. Bxc5 {[%emt 0:16:53]} Nxc5 {[%emt 0:00:07]} 12. Nb3 {[%emt 0:00:03]} Nd7 {[%emt 0:23:11]} 13. Nfd4 {[%emt 0:01:16]} Ndxe5 {[%emt 0:02:49]} 14. Nxf5 {[%emt 0:01:00]} exf5 {[%emt 0:04:18]} 15. Bf3 {[%emt 0:02:46]} Ne7 {[%emt 0:03:48]} 16. Re1 {[%emt 0:00:13]} Nxf3+ {[%emt 0:00:10]} 17. Qxf3 {[%emt 0:01:11]} O-O {[%emt 0:07:45]} 18. Re5 Rc8 19. Rae1 {[%emt 0:33:00]} Rc7 {[%emt 0:00:40]} 20. g3 {[%emt 0:00:04]} g6 {[%emt 0:02:29]} 21. Rd1 {[%emt 0:04:34]} Rd7 {[%emt 0:13:14]} 22. Nc5 {[%emt 0:03:03]} Rc7 {[%emt 0:00:11]} 23. Nb3 {[%emt 0:00:08]} Rd7 {[%emt 0:01:47]} 24. Nc5 {[%emt 0:00:55]} Rc7 {[%emt 0:00:05]} 25. b4 {[%emt 0:04:15]} b6 {[%emt 0:03:07]} 26. Na6 {[%emt 0:00:19]} Rc4 {[%emt 0:03:44]} 27. Qe2 {[%emt 0:04:44]} Re4 {[%emt 0:02:22]} 28. Rxe4 {[%emt 0:00:05]} fxe4 {[%emt 0:00:03]} 29. c4 {[%emt 0:00:03]} Qd7 {[%emt 0:05:23]} 30. cxd5 {[%emt 0:00:20]} Nxd5 {[%emt 0:02:01]} 31. Qxe4 {[%emt 0:00:32]} Qa4 {[%emt 0:01:39]} 32. Qxd5 {[%emt 0:00:20]} Qxa6 {[%emt 0:00:02]} 33. Re1 {[%emt 0:00:51]} Qa4 {[%emt 0:03:21]} 34. b5 {[%emt 0:01:11]} a6 {[%emt 0:00:35]} 35. bxa6 {[%emt 0:00:30]} Qxa6 {[%emt 0:00:03]} 36. Re7 {[%emt 0:00:26]} Qa3 {[%emt 0:00:57]} 37. Rc7 {[%emt 0:00:39]} Qb2 {[%emt 0:01:55]} 38. h4 {[%emt 0:00:34]} Qb1+ {[%emt 0:04:13]} 39. Kg2 {[%emt 0:00:08]} Qf5 {[%emt 0:00:04]} 40. Qxf5 {[%emt 0:00:00]} gxf5 {[%emt 0:00:00]} 41. h5 {[%emt 0:06:12]} Ra8 {[%emt 0:06:24]} 42. h6 {[%emt 0:00:16]} Kf8 {[%emt 0:00:20]} 43. Rc2 {[%emt 0:00:06]} Ke7 {[%emt 0:02:31]} 44. Kf3 {[%emt 0:06:06]} Kf6 {[%emt 0:00:47]} 45. Rc6+ {[%emt 0:00:15]} Kg5 {[%emt 0:00:22]} 46. Rxb6 {[%emt 0:01:10]} Rxa2 {[%emt 0:03:45]} 47. Rb7 {[%emt 0:01:18]} Ra3+ {[%emt 0:03:27]} 48. Kg2 {[%emt 0:00:09]} Kg6 {[%emt 0:00:08]} 49. Rb6+ {[%emt 0:00:08]} f6 {[%emt 0:00:06]} 50. Rc6 {[%emt 0:00:05]} Kg5 {[%emt 0:01:49]} 51. Rc5 {[%emt 0:01:02]} 1/2-1/2

[Event "RUS-chT Premier 2019"]
[Site "Sochi"]
[Date "2019.05.07"]
[Round "6.12"]
[White "Sychev, Klementy"]
[Black "Alekseenko, Kirill"]
[Result "1/2-1/2"]
[WhiteElo "2574"]
[BlackElo "2636"]
[Annotator "ChessBase"]
[PlyCount "82"]
[EventDate "2019.05.01"]
[EventType "team-tourn"]
[EventCountry "RUS"]
[SourceTitle "playchess.com"]
[Source "ChessBase"]
[SourceQuality "1"]
[TimeControl "40/5400+30:1800+30"]

1. Nf3 {[%emt 0:00:00]} Nf6 {[%emt 0:00:45]} 2. c4 {[%emt 0:00:17]} e6 {[%emt 0:00:53]} 3. g3 {[%emt 0:01:43]} a6 {[%emt 0:02:39]} 4. Bg2 {[%emt 0:00:26]} b5 {[%emt 0:00:30]} 5. b3 {[%emt 0:00:10]} Bb7 {[%emt 0:01:27]} 6. O-O {[%emt 0:00:21]} g6 {[%emt 0:06:21]} 7. Na3 {[%emt 0:20:32]} b4 {[%emt 0:06:50]} 8. Nc2 {[%emt 0:00:07]} a5 {[%emt 0:01:01]} 9. Bb2 {[%emt 0:04:40]} Na6 {[%emt 0:10:30]} 10. d3 {[%emt 0:06:22]} Bg7 {[%emt 0:03:29]} 11. e4 {[%emt 0:00:39]} d6 {[%emt 0:02:14]} 12. e5 {[%emt 0:27:06]} Nd7 {[%emt 0:07:34]} 13. d4 {[%emt 0:00:27]} a4 {[%emt 0:01:44]} 14. exd6 {[%emt 0:01:07]} cxd6 {[%emt 0:01:05]} 15. Bc1 {[%emt 0:03:54]} O-O {[%emt 0:00:46]} 16. Bf4 {[%emt 0:04:27]} e5 {[%emt 0:07:33]} 17. Bd2 {[%emt 0:03:04]} Rb8 {[%emt 0:02:43]} 18. Rb1 {[%emt 0:03:03]} axb3 {[%emt 0:02:36]} 19. axb3 {[%emt 0:00:59]} Bxf3 {[%emt 0:04:17]} 20. Bxf3 {[%emt 0:00:44]} exd4 {[%emt 0:00:20]} 21. Bc1 {[%emt 0:01:32]} Ne5 {[%emt 0:06:47]} 22. Nxd4 {[%emt 0:00:54]} Nxf3+ {[%emt 0:00:19]} 23. Nxf3 {[%emt 0:00:06]} Nc5 {[%emt 0:00:05]} 24. Qd5 {[%emt 0:03:06]} Rb6 {[%emt 0:02:37]} 25. Rd1 {[%emt 0:02:25]} Qa8 {[%emt 0:00:40]} 26. Be3 {[%emt 0:01:18]} Ra6 {[%emt 0:00:39]} 27. Ng5 {[%emt 0:04:24]} h6 {[%emt 0:02:40]} 28. Bxc5 {[%emt 0:03:05]} dxc5 {[%emt 0:00:13]} 29. Nf3 {[%emt 0:00:26]} Ra2 {[%emt 0:00:53]} 30. Ne5 {[%emt 0:04:43]} Qxd5 {[%emt 0:06:40]} 31. Rxd5 {[%emt 0:00:04]} Re8 {[%emt 0:00:03]} 32. Nd3 {[%emt 0:00:56]} Bd4 {[%emt 0:02:15]} 33. Rf1 {[%emt 0:00:23]} Rd2 {[%emt 0:00:23]} 34. Nxc5 {[%emt 0:00:16]} Ree2 {[%emt 0:00:10]} 35. Kh1 {[%emt 0:00:46]} Bxc5 {[%emt 0:01:40]} 36. Rxc5 {[%emt 0:00:02]} Rb2 {[%emt 0:00:22]} 37. Rc8+ {[%emt 0:02:15]} Kg7 {[%emt 0:00:02]} 38. c5 {[%emt 0:00:16]} Rxb3 {[%emt 0:04:07]} 39. c6 {[%emt 0:00:03]} Rc2 {[%emt 0:03:29]} 40. c7 {[%emt 0:00:00]} Kf6 {[%emt 0:00:00]} 41. Kg1 {[%emt 0:08:09]} Rbc3 {[%emt 0:02:42]} 1/2-1/2

[Event "RUS-chT Premier 2019"]
[Site "Sochi"]
[Date "2019.05.07"]
[Round "6.13"]
[White "Chigaev, Maksim"]
[Black "Bocharov, Ivan"]
[Result "1-0"]
[WhiteElo "2637"]
[BlackElo "2568"]
[Annotator "ChessBase"]
[PlyCount "89"]
[EventDate "2019.05.01"]
[EventType "team-tourn"]
[EventCountry "RUS"]
[SourceTitle "playchess.com"]
[Source "ChessBase"]
[SourceQuality "1"]
[TimeControl "40/5400+30:1800+30"]

1. e4 {[%emt 0:00:00]} c6 {[%emt 0:00:00]} 2. d4 {[%emt 0:00:00]} d5 {[%emt 0:00:00]} 3. exd5 {[%emt 0:00:00]} cxd5 {[%emt 0:00:00]} 4. Bd3 {[%emt 0:00:03]} Nc6 {[%emt 0:00:03]} 5. c3 {[%emt 0:00:08]} Nf6 {[%emt 0:00:14]} 6. h3 {[%emt 0:00:08]} g6 {[%emt 0:02:18]} 7. Bf4 {[%emt 0:00:40]} Bf5 {[%emt 0:00:42]} 8. Be2 {[%emt 0:00:17]} Bg7 {[%emt 0:00:52]} 9. Nf3 {[%emt 0:00:10]} O-O {[%emt 0:00:06]} 10. O-O {[%emt 0:00:05]} Rc8 {[%emt 0:01:13]} 11. Nbd2 {[%emt 0:00:36]} Ne4 {[%emt 0:00:50]} 12. Re1 {[%emt 0:00:25]} Qb6 {[%emt 0:05:02]} 13. Qb3 {[%emt 0:02:27]} Rfd8 {[%emt 0:02:55]} 14. Bf1 {[%emt 0:02:26]} Nxd2 {[%emt 0:12:56]} 15. Nxd2 {[%emt 0:01:09]} h6 {[%emt 0:03:04]} 16. a4 {[%emt 0:08:09]} g5 {[%emt 0:02:44]} 17. Bh2 {[%emt 0:01:37]} e6 {[%emt 0:00:12]} 18. Qb5 {[%emt 0:11:54]} Bf8 {[%emt 0:05:01]} 19. Nb3 {[%emt 0:02:07]} Bd6 {[%emt 0:05:24]} 20. Bxd6 {[%emt 0:01:13]} Rxd6 {[%emt 0:00:02]} 21. Nc5 {[%emt 0:00:28]} Rb8 {[%emt 0:03:57]} 22. Bd3 {[%emt 0:10:58]} Ne7 {[%emt 0:03:02]} 23. Bxf5 {[%emt 0:01:59]} Nxf5 {[%emt 0:00:06]} 24. Qe2 {[%emt 0:00:38]} Qd8 {[%emt 0:00:55]} 25. Qe5 {[%emt 0:02:05]} Nh4 {[%emt 0:07:23]} 26. a5 {[%emt 0:05:37]} Ng6 {[%emt 0:01:20]} 27. Qe2 {[%emt 0:00:13]} Rc6 {[%emt 0:02:05]} 28. Nd3 {[%emt 0:01:26]} Ra6 {[%emt 0:06:08]} 29. Ne5 {[%emt 0:04:42]} Nxe5 {[%emt 0:01:37]} 30. Qxe5 {[%emt 0:00:07]} Rc8 {[%emt 0:00:05]} 31. f4 {[%emt 0:00:35]} Qc7 {[%emt 0:08:43]} 32. fxg5 {[%emt 0:03:16]} Qxe5 {[%emt 0:00:03]} 33. Rxe5 {[%emt 0:00:07]} hxg5 {[%emt 0:04:08]} 34. Rxg5+ {[%emt 0:00:08]} Kh8 {[%emt 0:00:19]} 35. Kh2 {[%emt 0:07:18]} Rg8 {[%emt 0:01:06]} 36. Rxg8+ {[%emt 0:00:18]} Kxg8 {[%emt 0:00:01]} 37. g4 {[%emt 0:00:48]} f6 {[%emt 0:02:37]} 38. Kg3 {[%emt 0:00:52]} Kf7 {[%emt 0:01:32]} 39. h4 {[%emt 0:00:19]} Kg6 {[%emt 0:01:11]} 40. Kf4 {[%emt 0:00:00]} b6 {[%emt 0:00:00]} 41. axb6 {[%emt 0:05:26]} Rxb6 {[%emt 0:00:40]} 42. b4 {[%emt 0:00:41]} Rc6 {[%emt 0:00:40]} 43. h5+ {[%emt 0:00:09]} Kh6 {[%emt 0:00:13]} 44. Rxa7 {[%emt 0:00:06]} Rxc3 {[%emt 0:00:26]} 45. Rf7 {[%emt 0:00:43]} 1-0

[Event "RUS-chT Premier 2019"]
[Site "Sochi"]
[Date "2019.05.07"]
[Round "6.14"]
[White "Khanin, Semen"]
[Black "Paravyan, David"]
[Result "0-1"]
[WhiteElo "2524"]
[BlackElo "2610"]
[Annotator "ChessBase"]
[PlyCount "110"]
[EventDate "2019.05.01"]
[EventType "team-tourn"]
[EventCountry "RUS"]
[SourceTitle "playchess.com"]
[Source "ChessBase"]
[SourceQuality "1"]
[TimeControl "40/5400+30:1800+30"]

1. e4 {[%emt 0:00:00]} c5 {[%emt 0:00:00]} 2. Nf3 {[%emt 0:00:00]} e6 {[%emt 0:00:00]} 3. d4 {[%emt 0:00:00]} cxd4 {[%emt 0:00:00]} 4. Nxd4 {[%emt 0:00:00]} Be7 {[%emt 0:00:00]} 5. Nc3 {[%emt 0:05:13]} d6 {[%emt 0:00:00]} 6. Be3 {[%emt 0:01:50]} Nf6 {[%emt 0:00:00]} 7. f3 {[%emt 0:00:50]} h5 {[%emt 0:00:15]} 8. Qd2 {[%emt 0:03:10]} a6 {[%emt 0:00:05]} 9. O-O-O {[%emt 0:01:50]} b5 {[%emt 0:00:36]} 10. Kb1 {[%emt 0:03:10]} Bb7 {[%emt 0:04:32]} 11. Bd3 {[%emt 0:08:01]} Nbd7 {[%emt 0:02:14]} 12. a3 {[%emt 0:03:11]} Rc8 {[%emt 0:08:57]} 13. Rhe1 {[%emt 0:06:03]} Ne5 {[%emt 0:03:45]} 14. Bg5 {[%emt 0:07:12]} O-O {[%emt 0:24:06]} 15. h4 {[%emt 0:08:04]} Qb6 {[%emt 0:03:08]} 16. Qe3 {[%emt 0:10:40]} Rxc3 {[%emt 0:09:07]} 17. bxc3 {[%emt 0:00:20]} Qa5 {[%emt 0:02:12]} 18. Nb3 {[%emt 0:04:02]} Qxc3 {[%emt 0:00:35]} 19. f4 {[%emt 0:07:46]} Nxd3 {[%emt 0:05:36]} 20. Qxd3 {[%emt 0:00:56]} Qc7 {[%emt 0:00:27]} 21. Bxf6 {[%emt 0:09:10]} Bxf6 {[%emt 0:00:19]} 22. Qxd6 {[%emt 0:00:07]} Qc3 {[%emt 0:00:13]} 23. e5 {[%emt 0:00:49]} Bxh4 {[%emt 0:00:07]} 24. Rh1 {[%emt 0:01:58]} Be4 {[%emt 0:06:16]} 25. Na1 {[%emt 0:00:03]} Qg3 {[%emt 0:07:00]} 26. Qb4 {[%emt 0:08:06]} Bf5 {[%emt 0:04:22]} 27. Qc5 {[%emt 0:04:49]} g6 {[%emt 0:02:25]} 28. Kb2 {[%emt 0:00:43]} Qxf4 {[%emt 0:03:15]} 29. Rd4 {[%emt 0:00:03]} Be7 {[%emt 0:00:04]} 30. Rxf4 {[%emt 0:00:27]} Bxc5 {[%emt 0:00:04]} 31. Nb3 {[%emt 0:00:07]} Be3 {[%emt 0:00:04]} 32. Rb4 {[%emt 0:01:06]} Rd8 {[%emt 0:02:04]} 33. Re1 {[%emt 0:00:26]} Bd2 {[%emt 0:01:02]} 34. Nxd2 {[%emt 0:00:17]} Rxd2 {[%emt 0:00:04]} 35. g3 {[%emt 0:00:53]} Rxc2+ {[%emt 0:06:37]} 36. Kb3 {[%emt 0:00:03]} Rh2 {[%emt 0:01:00]} 37. Re3 {[%emt 0:01:09]} g5 {[%emt 0:00:46]} 38. Rd4 {[%emt 0:00:07]} Kg7 {[%emt 0:02:15]} 39. Kb4 {[%emt 0:00:39]} Rh3 {[%emt 0:00:48]} 40. Rc3 {[%emt 0:00:00]} h4 {[%emt 0:00:00]} 41. gxh4 {[%emt 0:09:27]} a5+ {[%emt 0:03:13]} 42. Kb3 {[%emt 0:00:17]} Rxh4 {[%emt 0:01:22]} 43. Rd8 {[%emt 0:01:35]} b4 {[%emt 0:11:33]} 44. axb4 {[%emt 0:02:09]} Rxb4+ {[%emt 0:00:04]} 45. Ka3 {[%emt 0:00:05]} Re4 {[%emt 0:00:05]} 46. Rc5 {[%emt 0:00:11]} a4 {[%emt 0:00:09]} 47. Ra8 {[%emt 0:00:59]} g4 {[%emt 0:00:06]} 48. Rxa4 {[%emt 0:00:05]} Rxa4+ {[%emt 0:01:08]} 49. Kxa4 {[%emt 0:00:05]} Kh6 {[%emt 0:00:02]} 50. Kb4 {[%emt 0:03:24]} g3 {[%emt 0:01:23]} 51. Rc1 {[%emt 0:01:38]} Kg5 {[%emt 0:00:30]} 52. Kc5 {[%emt 0:00:05]} Kf4 {[%emt 0:00:18]} 53. Kd6 {[%emt 0:00:44]} g2 {[%emt 0:00:29]} 54. Ke7 {[%emt 0:00:14]} Kg3 {[%emt 0:00:37]} 55. Kxf7 {[%emt 0:00:12]} Kf2 {[%emt 0:00:16]} 0-1